| 000 | 00574nam a2200169 i 4500 | ||
|---|---|---|---|
| 001 | 42380 | ||
| 003 | ES-MaACL | ||
| 005 | 20230906160612.0 | ||
| 007 | t| | ||
| 008 | 030313s1968 sp ||||1| spa d | ||
| 100 | 1 |
_aCastresana, Luis de. _936806 |
|
| 245 | 1 | 3 |
_aEl otro árbol de Guernica y Bilbao y sus escritores / _c[conferencia por Luis de Castresana en el Ateneo de Bilbao el 30 de mayo de 1968]. |
| 260 |
_a[Bilbao] : _bCaja de Ahorros Vizcaína, _c1968. |
||
| 300 |
_a29 p. ; _c17 cm. |
||
| 710 | 2 |
_aAteneo de Bilbao. _91858 |
|
| 852 |
_aES-MaACL _j2064-F-19 _bR.72318 |
||
| 999 |
_c42380 _d42380 |
||